| 000 | 00980nam a22002417a 4500 | ||
|---|---|---|---|
| 005 | 20091003103452.0 | ||
| 008 | 080528t xxu||||| |||| 00| 0 eng d | ||
| 010 | _aB-359165 | ||
| 020 |
_a8183821065 _c95.00 |
||
| 020 |
_a9788183821063 _c95.00 |
||
| 035 | _aB-359165 | ||
| 037 | _bPansy Books | ||
| 040 |
_adpl _bEnglish |
||
| 082 | _a650.144 | ||
| 100 | _aPalta, Namrata | ||
| 245 |
_aPreparing for call center interviews / _cby Namrata Palta |
||
| 260 |
_aNew Delhi _bLotus Press _c2009(repr) |
||
| 270 |
_a4263/3, Ansari Road,Daryaganj _bNew Delhi _e110002 |
||
| 300 |
_a170p. _c22cm(pbk) |
||
| 942 |
_2ddc _cEN _h650.144 _mPAL |
||
| 999 |
_c30748 _d30748 |
||